[Event "AUTO-INT-3961"]
[Site "http://www.queenalice.com/game.php?id=1869688"]
[Date "2026.2.24"]
[Round "1"]
[White "jenyasm"]
[Black "Ticovi"]
[Result "1-0"]
[WhiteElo "1717"]
[BlackElo "1692"]

1. e4 e5 2. Nf3 Nc6 3. Bc4 h6 4. h3 Nf6 5. Nc3 Bb4 6. d3 Bxc3+ 7. bxc3 d6 8. O-O
Bd7 9. Bb2 Qe7 10. d4 exd4 11. cxd4 Nxe4 12. Qe1 Nf6 13. Qxe7+ Nxe7 14. Rae1 d5
15. Bd3 Be6 16. Ba3 Ng6 17. Bxg6 O-O-O 18. Bd3 Bd7 19. Ne5 Be8 20. Be7 Ne4 21.
Bxd8 Nd2 22. Bh4 Nxf1 23. Rxf1 f6 24. Nf3 Bd7 25. Bg3 c6 26. c4 dxc4 27. Bxc4
Re8 28. Re1 Rd8 29. Be6 Bxe6 30. Rxe6 Rd7 31. Re8+ Rd8 32. Rxd8+ Kxd8 33. Bb8 a6
34. Bd6 Ke8 35. Nd2 b5 36. Ne4 f5 37. Nc5 a5 38. Na6 Kd7 39. Bf8 g6 40. Bxh6 Kd6
41. Nb8 Kc7 42. Bf4+ Kb6 43. Nd7+ Kb7 44. Ne5 Kc7 45. Nxg6+ Kd7 46. Be5 Ke6 47.
h4 Kf7 48. Nf4 a4 49. Bd6 1-0

[Event "AUTO-INT-3963"]
[Site "http://www.queenalice.com/game.php?id=1870702"]
[Date "2026.3.19"]
[Round "1"]
[White "Ticovi"]
[Black "Jomaley"]
[Result "1-0"]
[WhiteElo "1698"]
[BlackElo "1447"]

1. e4 e5 2. Nf3 Bd6 3. Bc4 Nh6 4. d3 Bb4+ 5. c3 Bc5 6. Bxh6 gxh6 7. Nxe5 Rf8 8.
Qh5 Qf6 9. d4 Bd6 10. Ng4 Qg5 11. Qxg5 hxg5 12. Nf6+ Ke7 13. Nxh7 Rh8 14. Nxg5
Rf8 15. e5 Bxe5 16. dxe5 c6 17. O-O b5 18. Bb3 f6 19. exf6+ Rxf6 20. Re1+ Kd8
21. h4 Rf4 22. g3 Rf6 23. Nd2 Na6 24. Nde4 Rf8 25. h5 d5 26. Nd6 Bg4 27. Bd1
Bxd1 28. Ne6+ Kd7 29. Nxf8+ Kxd6 30. Re6+ Kc5 31. Nd7+ Kc4 32. Rxc6+ Kd3 33.
Rxd1+ 1-0

[Event "AUTO-INT-3963"]
[Site "http://www.queenalice.com/game.php?id=1870703"]
[Date "2026.3.19"]
[Round "1"]
[White "Jomaley"]
[Black "Ticovi"]
[Result "0-1"]
[WhiteElo "1477"]
[BlackElo "1691"]

1. e4 e5 2. Nf3 Nc6 3. c3 Nf6 4. d3 Bc5 5. Be3 Bxe3 6. fxe3 d6 7. d4 Nxe4 8.
Nbd2 Nxd2 9. Qxd2 e4 10. Ng1 d5 11. O-O-O Bd7 12. h4 Qe7 13. h5 h6 14. Nh3 Bxh3
15. Rxh3 O-O-O 16. g4 g5 17. hxg6 fxg6 18. Bb5 Na5 19. Qc2 a6 20. Bxa6 bxa6 21.
Qe2 Kb7 22. Rg1 g5 23. Qc2 Qd7 24. b4 Nc4 25. a4 h5 26. Rxh5 Rxh5 27. gxh5 Qh3
28. Re1 Nxe3 29. Rxe3 Qxe3+ 30. Kb2 Rf8 31. h6 Rf2 0-1

[Event "AUTO-INT-3963"]
[Site "http://www.queenalice.com/game.php?id=1870704"]
[Date "2026.3.19"]
[Round "1"]
[White "Ticovi"]
[Black "jenyasm"]
[Result "1-0"]
[WhiteElo "1674"]
[BlackElo "1735"]

1. e4 e5 2. Nf3 Nc6 3. Bc4 h6 4. Nc3 a6 5. d3 d6 6. h3 Nf6 7. Bd2 g5 8. g4 Bg7
9. a3 O-O 10. Qe2 Na5 11. Ba2 Nd7 12. b4 Nc6 13. Be3 b6 14. Qd2 Bb7 15. Ne2 Re8
16. c3 Bf6 17. Ng3 Ne7 18. h4 Ng6 19. hxg5 hxg5 20. Bxg5 Bxg5 21. Nxg5 Nf6 22.
Bxf7+ Kg7 23. Nf5+ Kf8 24. Bxe8 Kxe8 25. Ne6 Qd7 26. Qh6 Qf7 27. Nxc7+ Kd7 28.
Nxa8 Bxa8 29. Qg5 Ke6 30. Rh6 Nf4 31. Kd2 d5 32. Ng7+ Ke7 33. Qxe5+ Ne6 34. Nf5+
1-0

[Event "AUTO-INT-3964"]
[Site "http://www.queenalice.com/game.php?id=1871056"]
[Date "2026.3.27"]
[Round "1"]
[White "Ticovi"]
[Black "Rocio"]
[Result "1-0"]
[WhiteElo "1670"]
[BlackElo "1379"]

1. e4 e5 2. Nf3 Nc6 3. Bc4 h6 4. d3 a6 5. Nc3 Bb4 6. Bd2 Nf6 7. a3 Bd6 8. Qe2
Bc5 9. b4 Bb6 10. Be3 Ng4 11. Bxb6 cxb6 12. h3 Nf6 13. Qe3 Ne7 14. Nxe5 Rf8 15.
Qf3 b5 16. Ba2 d6 17. Ng4 Bxg4 18. hxg4 a5 19. Nxb5 Qb6 20. c4 axb4 21. axb4 Ra4
22. O-O Rxb4 23. Rab1 Ra4 24. Rb2 Nc6 25. Nxd6+ Kd7 26. Rxb6 Kxd6 27. Qf4+ Kc5
28. Rb5+ Kd4 29. Qe3+ Kc3 30. Rc1# 1-0

[Event "AUTO-INT-3964"]
[Site "http://www.queenalice.com/game.php?id=1871069"]
[Date "2026.3.27"]
[Round "1"]
[White "tche_elvio"]
[Black "Ticovi"]
[Result "0-1"]
[WhiteElo "1625"]
[BlackElo "1677"]

1. e4 e5 2. Nf3 Nc6 3. Bc4 h6 4. d4 d6 5. dxe5 dxe5 6. Qxd8+ Nxd8 7. Nxe5 Be6 8.
Bb5+ c6 9. Bc4 Nf6 10. Nd2 Bxc4 11. Nexc4 b5 12. Na5 Bb4 13. Nb3 Nxe4 14. O-O
Nxd2 15. Bxd2 Bxd2 16. Nxd2 O-O 17. Ne4 Re8 18. Nd6 Re6 19. Nf5 a5 20. Rfe1 Nb7
21. Rxe6 fxe6 22. Ne7+ Kf7 23. Nxc6 Rc8 24. Ne5+ Kf6 25. Nd7+ Ke7 26. Nb6 Rxc2
27. a4 bxa4 28. Nxa4 Nc5 29. Nxc5 Rxc5 30. g3 Rb5 31. Ra2 Kd6 32. Ra4 Kc6 33. b4
axb4 34. Ra6+ Rb6 35. Ra2 b3 36. Rb2 Kc5 37. f4 Kc4 38. Kf2 Kc3 39. Re2 b2 0-1

[Event "AUTO-INT-3965"]
[Site "http://www.queenalice.com/game.php?id=1871583"]
[Date "2026.4.7"]
[Round "1"]
[White "SGF"]
[Black "Ticovi"]
[Result "1-0"]
[WhiteElo "1707"]
[BlackElo "1745"]

1. e4 e5 2. Qf3 Nf6 3. d3 Nc6 4. c3 d6 5. Be2 Bg4 6. Qg3 Bxe2 7. Nxe2 g6 8. Bg5
h6 9. Bxf6 Qxf6 10. h4 h5 11. Qg5 Qxg5 12. hxg5 Be7 13. Ng3 Bxg5 14. Nd2 Bxd2+
15. Kxd2 O-O-O 16. b4 a6 17. a4 1-0

[Event "AUTO-INT-3965"]
[Site "http://www.queenalice.com/game.php?id=1871584"]
[Date "2026.4.7"]
[Round "1"]
[White "Ticovi"]
[Black "SGF"]
[Result "0-1"]
[WhiteElo "1727"]
[BlackElo "1725"]

1. e4 e5 2. Nf3 Qf6 3. Bc4 d6 4. Nc3 c6 5. d3 Be7 6. b4 Qg6 7. g3 h5 8. h4 Bg4
9. Qe2 b5 10. Bb3 a5 11. bxa5 Rxa5 12. Qe3 b4 13. Na4 Qf6 14. Ng5 Nh6 15. Bd2 c5
16. f3 Bd7 17. Nb2 Nc6 0-1

[Event "AUTO-INT-3966"]
[Site "http://www.queenalice.com/game.php?id=1872042"]
[Date "2026.4.16"]
[Round "1"]
[White "tche_elvio"]
[Black "Ticovi"]
[Result "0-1"]
[WhiteElo "1622"]
[BlackElo "1704"]

1. e4 e5 2. Nf3 Nc6 3. d4 d6 4. dxe5 dxe5 5. Qxd8+ Kxd8 6. Bd3 Bg4 7. O-O Bxf3
8. gxf3 Nf6 9. a3 Nd4 10. Nc3 Nxf3+ 11. Kh1 Bd6 12. Be3 Ng4 13. Kg2 Nfxh2 14.
Bg5+ f6 15. Nb5 fxg5 16. Nxd6 cxd6 17. Rfe1 Rf8 18. Re2 Nf3 19. b4 Nh4+ 20. Kh3
h5 21. Rf1 Rf3# 0-1